[Event "8eme Open International de La Fere"]
[Site "La Fere (FRA)"]
[Date "2009.07.10"]
[Round "8.60"]
[White "Nesztler, Lambert"]
[Black "Jacob, Guillaume"]
[Result "0-1"]
[WhiteElo "1499"]
[BlackElo "1150"]
[PlyCount "122"]
[EventDate "2009.??.??"]

1. e4 e5 2. Nf3 Nc6 3. d4 Nf6 4. dxe5 Nxe4 5. Bd3 Nc5 6. Bc4 d6 7. Qd5 Be6 8.
Qd2 Bxc4 9. e6 Bxe6 10. Ng5 Be7 11. Nxe6 fxe6 12. O-O O-O 13. Qe2 e5 14. Nc3
Bg5 15. Bxg5 Qxg5 16. Ne4 Nxe4 17. Qxe4 Qf5 18. Qd5+ Kh8 19. Qd3 e4 20. Qh3
Qxh3 21. gxh3 Rae8 22. Rae1 d5 23. Re3 Nd4 24. Rc3 Nf3+ 25. Kg2 Nh4+ 26. Kh1 c6
27. Rg3 Rf3 28. Rg4 Nf5 29. Rfg1 g6 30. b4 Nh6 31. R4g3 Rxf2 32. R3g2 e3 33.
Rxf2 exf2 34. Rf1 Rf8 35. Kg2 Rf4 36. Rxf2 Rxf2+ 37. Kxf2 Nf5 38. Kf3 Nd4+ 39.
Kf4 Nxc2 40. Ke5 d4 41. Ke4 b6 42. Kd3 Nxb4+ 43. Kxd4 c5+ 44. Kc3 Nxa2+ 45. Kb3
Nb4 46. h4 Nd5 47. Ka4 c4 48. Kb5 Ne3 49. h5 g5 50. h6 c3 51. Kb4 c2 52. Kc3
c1=Q+ 53. Kd3 Qa3+ 54. Ke2 Nc4 55. Kf2 b5 56. Ke2 b4 57. Kf2 b3 58. Ke2 b2 59.
Kf2 b1=Q 60. Ke2 Qbb2+ 61. Ke1 Qaa1# 0-1

[Event "8eme Open International de La Fere"]
[Site "La Fere (FRA)"]
[Date "2009.07.10"]
[Round "8.61"]
[White "Degraeve, Remy"]
[Black "Cassol, Robert"]
[Result "0-1"]
[WhiteElo "1009"]
[BlackElo "1430"]
[PlyCount "52"]
[EventDate "2009.??.??"]

1. e4 c5 2. Nc3 Nc6 3. Nf3 d6 4. Bc4 a6 5. O-O e6 6. d3 Bd7 7. Bg5 Be7 8. Bxe7
Ngxe7 9. Qe2 Qc7 10. Qe3 Qb6 11. Rab1 Nb4 12. Ng5 Nxc2 13. Qf3 Rf8 14. Nxh7 Rh8
15. Ng5 f6 16. Nxe6 Bxe6 17. Bxe6 Nd4 18. Bf5 Nexf5 19. exf5 O-O-O 20. Qd5 Rhe8
21. Rfe1 Rxe1+ 22. Rxe1 Qxb2 23. Qb3 Qd2 24. Re2 Qc1+ 25. Nd1 Qxd1+ 26. Re1
Qxe1# 0-1

[Event "8eme Open International de La Fere"]
[Site "La Fere (FRA)"]
[Date "2009.07.10"]
[Round "8.62"]
[White "Degraeve, Thomas"]
[Black "Pruvost, Loic"]
[Result "0-1"]
[WhiteElo "1009"]
[BlackElo "1420"]
[PlyCount "102"]
[EventDate "2009.??.??"]

1. d4 e6 2. e4 d5 3. exd5 exd5 4. Nc3 Nc6 5. Bf4 Nf6 6. Nb5 Bd6 7. Nxd6+ cxd6
8. Ne2 Bf5 9. Bg5 Nb4 10. Rc1 O-O 11. a3 Nc6 12. Nc3 Re8+ 13. Be2 Qc7 14. Nxd5
Qd8 15. O-O h6 16. Nxf6+ gxf6 17. Bxh6 Qe7 18. Bg4 Qe4 19. f3 Qxd4+ 20. Qxd4
Nxd4 21. Bxf5 Nxf5 22. Bf4 Rad8 23. g4 Nd4 24. Kg2 Ne2 25. Bd2 Nxc1 26. Bxc1
Re7 27. g5 Rde8 28. Kf2 fxg5 29. Bxg5 Re2+ 30. Kg3 Re1 31. Rxe1 Rxe1 32. h4 Re2
33. h5 Rxc2 34. h6 Rxb2 35. Kf4 Rb3 36. a4 d5 37. Bf6 Rb4+ 38. Ke5 d4 39. Ke4
Rxa4 40. Bxd4 Kh7 41. Ke5 Kxh6 42. Be3+ Kg6 43. f4 Ra5+ 44. Ke4 b5 45. f5+ Kf6
46. Bd4+ Ke7 47. Ke5 b4+ 48. Ke4 Ra4 49. f6+ Ke6 50. Kf4 b3 51. Kg5 Rxd4 0-1

[Event "8eme Open International de La Fere"]
[Site "La Fere (FRA)"]
[Date "2009.07.10"]
[Round "8.65"]
[White "Rousseaux, Dorian"]
[Black "Brugge, Alexandre"]
[Result "0-1"]
[WhiteElo "1009"]
[BlackElo "1010"]
[PlyCount "66"]
[EventDate "2009.??.??"]

1. e4 d6 2. Nf3 Nf6 3. Be2 g6 4. O-O Bg7 5. Bc4 O-O 6. Qe2 c5 7. Ne1 Nc6 8. Qe3
b6 9. Qh3 Bxh3 10. f3 Bc8 11. Rf2 Bb7 12. f4 Nxe4 13. Rf3 Nd4 14. b3 Nxf3+ 15.
Nxf3 Bxa1 16. d3 Nf6 17. h4 d5 18. Bb5 Bd4+ 19. Kh2 Ng4+ 20. Kh3 Nf2+ 21. Kg3
Bc8 22. Kh2 a6 23. Ba4 Bd7 24. Bxd7 Qxd7 25. Nxd4 cxd4 26. Kg3 Qg4+ 27. Kh2
Rac8 28. g3 Rxc2 29. Kg2 Qe2 30. Nd2 Rxc1 31. g4 Qxd2 32. Kg3 Qe3+ 33. Kg2 Rc2
0-1

[Event "8eme Open International de La Fere"]
[Site "La Fere (FRA)"]
[Date "2009.07.10"]
[Round "8.17"]
[White "Ahlers, Ben"]
[Black "Neumair, Cedric"]
[Result "1-0"]
[WhiteElo "2136"]
[BlackElo "1845"]
[PlyCount "57"]
[EventDate "2009.??.??"]

1. e4 c5 2. b3 Nc6 3. Bb2 e6 4. Nf3 d5 5. exd5 exd5 6. d4 Nf6 7. Be2 Be7 8. O-O
O-O 9. Re1 Bf5 10. Nc3 Rc8 11. dxc5 Bxc5 12. Na4 Be7 13. c4 dxc4 14. Bxc4 Qc7
15. Ne5 Bb4 16. Re3 a6 17. Qf3 Ne7 18. Rc1 Kh8 19. Bxa6 Qxc1+ 20. Bxc1 Rxc1+
21. Bf1 Nfd5 22. Nd3 Rxf1+ 23. Kxf1 Nxe3+ 24. Qxe3 Nd5 25. Qd4 Bxd3+ 26. Qxd3
Re8 27. g3 Re1+ 28. Kg2 Nf4+ 29. gxf4 1-0

[Event "8eme Open International de La Fere"]
[Site "La Fere (FRA)"]
[Date "2009.07.10"]
[Round "8.18"]
[White "Broekman, Willem"]
[Black "Poulain, Andre"]
[Result "1-0"]
[WhiteElo "2129"]
[BlackElo "1820"]
[PlyCount "75"]
[EventDate "2009.??.??"]

1. d4 d5 2. Nf3 Nf6 3. c4 c6 4. Qa4 Nbd7 5. cxd5 cxd5 6. Nc3 e6 7. Bf4 Nh5 8.
Bg3 Nxg3 9. hxg3 Be7 10. e3 O-O 11. Rc1 Nb6 12. Qc2 h6 13. Bd3 Bd7 14. Ne5 Rc8
15. Qb1 Bf6 16. Ng4 Nc4 17. b3 Nd6 18. f4 Nf5 19. Rh3 a6 20. Kd2 b5 21. Nxf6+
Qxf6 22. g4 Qg6 23. g5 hxg5 24. Rch1 f6 25. g4 gxf4 26. gxf5 Qg2+ 27. Ne2 exf5
28. exf4 Rfe8 29. Qf1 Qxf1 30. Rxf1 Kf7 31. Rfh1 Rg8 32. Ng3 g6 33. Rh7+ Rg7
34. Ne2 Bc6 35. Nc3 Bb7 36. Be2 Rd8 37. Rh8 Rdg8 38. R1h7 1-0

[Event "8eme Open International de La Fere"]
[Site "La Fere (FRA)"]
[Date "2009.07.10"]
[Round "8.38"]
[White "Woyave, Pascal"]
[Black "Wolfangel, Jocelyne"]
[Result "1/2-1/2"]
[WhiteElo "1630"]
[BlackElo "1410"]
[PlyCount "40"]
[EventDate "2009.??.??"]

1. c4 e6 2. Nc3 Nf6 3. Nf3 Nc6 4. g3 d5 5. cxd5 exd5 6. d4 h6 7. Bg2 Bb4 8. O-O
O-O 9. a3 Bxc3 10. bxc3 Ne4 11. Bb2 Na5 12. Nd2 Nxd2 13. Qxd2 Nb3 14. Qd3 Nxa1
15. Rxa1 c6 16. e4 Be6 17. f4 dxe4 18. Bxe4 f5 19. Bf3 Bd5 20. Bh5 Be4 1/2-1/2

[Event "8eme Open International de La Fere"]
[Site "La Fere (FRA)"]
[Date "2009.07.10"]
[Round "8.46"]
[White "Baye, Dylan"]
[Black "Blondel, Francis"]
[Result "0-1"]
[WhiteElo "1050"]
[BlackElo "1616"]
[PlyCount "51"]
[EventDate "2009.??.??"]

1. c4 e6 2. Nc3 Nf6 3. Nf3 Bb4 4. g3 O-O 5. Bg2 d5 6. cxd5 exd5 7. d4 Re8 8.
Bg5 h6 9. Bxf6 Qxf6 10. O-O c6 11. Qd3 Bf5 12. Qd2 Nd7 13. e3 Be4 14. Nxe4 dxe4
15. Qxb4 exf3 16. Bh3 Nb6 17. a4 Rab8 18. Qa5 Nc4 19. Qc3 Nd6 20. b4 Ne4 21.
Qd3 Qg6 22. Qd1 Qh5 23. Bd7 Re7 24. Qd3 Rc8 25. g4 Qh3 26. Bf5 0-1

[Event "8eme Open International de La Fere"]
[Site "La Fere (FRA)"]
[Date "2009.07.10"]
[Round "8.49"]
[White "Remy, Camille"]
[Black "Neumair, Dorian"]
[Result "1/2-1/2"]
[WhiteElo "1500"]
[BlackElo "1196"]
[PlyCount "56"]
[EventDate "2009.??.??"]

1. e4 e5 2. Nf3 Nf6 3. Nc3 Nc6 4. Bc4 Nxe4 5. Nxe4 d5 6. Bxd5 Qxd5 7. Nc3 Qd8
8. O-O Bg4 9. h3 Bh5 10. Qe2 Bd6 11. Qe3 Bxf3 12. Qxf3 Nd4 13. Qd3 O-O 14. Kh1
f5 15. Nb5 Nc6 16. Nxd6 cxd6 17. Qd5+ Kh8 18. f4 Qf6 19. d3 Rad8 20. Qb5 Qf7
21. c4 e4 22. Be3 a6 23. Qb3 Rfe8 24. Rad1 d5 25. cxd5 Qxd5 26. Qxd5 Rxd5 27.
dxe4 Rxd1 28. Rxd1 fxe4 1/2-1/2

[Event "8eme Open International de La Fere"]
[Site "La Fere (FRA)"]
[Date "2009.07.10"]
[Round "8.58"]
[White "Wolfangel, Claude"]
[Black "Devoitine, Thomas"]
[Result "1-0"]
[WhiteElo "1757"]
[BlackElo "1200"]
[PlyCount "67"]
[EventDate "2009.??.??"]

1. d4 f5 2. Nf3 Nf6 3. g3 Nc6 4. Bg2 e6 5. c4 b6 6. Nc3 Bb7 7. O-O Na5 8. b3 c6
9. Ne5 d6 10. Nd3 d5 11. c5 bxc5 12. Nxc5 Bc8 13. Bf4 Bxc5 14. dxc5 Nh5 15. Bd6
Qf6 16. Rc1 Nb7 17. e4 Nxd6 18. cxd6 g6 19. exd5 cxd5 20. Nxd5 exd5 21. Re1+
Be6 22. Bxd5 O-O 23. Rxe6 Qg5 24. Rxg6+ Kh8 25. Rxg5 Ng7 26. Qd4 Rg8 27. Bxa8
h6 28. Rxg7 Rxg7 29. Rc8+ Kh7 30. Qxg7+ Kxg7 31. d7 Kg6 32. d8=Q Kh5 33. Rc6 a5
34. Qh4# 1-0

[Event "8eme Open International de La Fere"]
[Site "La Fere (FRA)"]
[Date "2009.07.10"]
[Round "8.24"]
[White "Deneuville, Ludovic"]
[Black "Tivol, Thierry"]
[Result "1-0"]
[WhiteElo "1984"]
[BlackElo "1720"]
[PlyCount "50"]
[EventDate "2009.??.??"]

1. b3 c6 2. c4 d5 3. e3 Bf5 4. d4 e6 5. Nf3 Nd7 6. Be2 Ngf6 7. O-O Ne4 8. Bb2
Be7 9. Nfd2 Nef6 10. Nc3 O-O 11. Nf3 Bg6 12. Nh4 dxc4 13. Nxg6 hxg6 14. bxc4
Qa5 15. Qa4 Qf5 16. Bf3 Nb6 17. Qb3 Rab8 18. e4 Qa5 19. e5 Nh7 20. Ne4 Ng5 21.
Nxg5 Bxg5 22. Ba3 Nxc4 23. Bb4 Qa6 24. Be2 b5 25. Bxf8 Kxf8 1-0

[Event "8eme Open International de La Fere"]
[Site "La Fere (FRA)"]
[Date "2009.07.10"]
[Round "8.25"]
[White "Eggink, Gerhard"]
[Black "Wells, Pierre-Alexandre"]
[Result "1/2-1/2"]
[WhiteElo "1979"]
[BlackElo "1499"]
[PlyCount "50"]
[EventDate "2009.??.??"]

1. e4 e6 2. d4 d5 3. Nd2 dxe4 4. Nxe4 Nf6 5. Bd3 Nxe4 6. Bxe4 c5 7. Nf3 cxd4 8.
Nxd4 e5 9. Nb3 Qxd1+ 10. Kxd1 a5 11. Re1 Bd6 12. Be3 Nd7 13. c3 a4 14. Nd2 O-O
15. Nc4 Bc7 16. g3 Nf6 17. Bg2 Ra6 18. Ke2 Be6 19. Nd2 b5 20. Kf1 Bd5 21. Bxd5
Nxd5 22. Bc5 Rd8 23. Nf3 f6 24. Rad1 Nb6 25. Rxd8+ Bxd8 1/2-1/2

[Event "8eme Open International de La Fere"]
[Site "La Fere (FRA)"]
[Date "2009.07.10"]
[Round "8.26"]
[White "Turlin, Simon"]
[Black "Pytel, Bozena"]
[Result "0-1"]
[WhiteElo "1610"]
[BlackElo "1957"]
[PlyCount "80"]
[EventDate "2009.??.??"]

1. e4 e5 2. Nf3 Nc6 3. Bc4 Bc5 4. c3 Nf6 5. d3 O-O 6. Be3 Bb6 7. Nbd2 d6 8. h3
Na5 9. Bb5 Bxe3 10. fxe3 a6 11. Ba4 b5 12. Bc2 c5 13. d4 Qe7 14. O-O Bd7 15.
Qe2 g6 16. a4 Nh5 17. Kh2 b4 18. Nc4 Nxc4 19. Qxc4 bxc3 20. bxc3 cxd4 21. g4
Rfc8 22. Qe2 Ng7 23. cxd4 Rc3 24. Bd3 a5 25. Qd2 Rac8 26. Rfb1 Be8 27. Kg3 h5
28. Rb2 Bd7 29. Rb8 Rxb8 30. Qxc3 f5 31. exf5 gxf5 32. dxe5 fxg4 33. hxg4 Bxg4
34. Bc4+ Kh7 35. Qd3+ Nf5+ 36. Kf2 Rb2+ 37. Ke1 dxe5 38. Rc1 Kh6 39. Bb5 Bxf3
40. Qxf5 Qh4+ 0-1

[Event "8eme Open International de La Fere"]
[Site "La Fere (FRA)"]
[Date "2009.07.10"]
[Round "8.28"]
[White "Neumair, Jerome"]
[Black "Rigolot, Lucie"]
[Result "1-0"]
[WhiteElo "2007"]
[BlackElo "1806"]
[PlyCount "95"]
[EventDate "2009.??.??"]

1. d4 d5 2. c4 e6 3. Nc3 c6 4. Nf3 dxc4 5. a4 Bb4 6. Bd2 a5 7. e3 b5 8. axb5
Bxc3 9. Bxc3 cxb5 10. b3 Bb7 11. bxc4 b4 12. Bb2 Nf6 13. Bd3 O-O 14. O-O Nbd7
15. Nd2 Re8 16. f4 Kh8 17. Qc2 Ng4 18. Rae1 a4 19. h3 Ngf6 20. e4 b3 21. Qc1
Nc5 22. Bb1 Na6 23. e5 Nh5 24. Qc3 Qh4 25. f5 Nf4 26. Be4 Bxe4 27. Rxe4 Nxh3+
28. gxh3 Qe7 29. Nb1 Nb4 30. Na3 Rac8 31. Rg4 exf5 32. Rxf5 Rg8 33. Kh2 Nc2 34.
Nxc2 bxc2 35. Rf2 Rb8 36. Qxc2 a3 37. Bc1 Ra8 38. Qa2 h5 39. Rg5 g6 40. Rg3 Qa7
41. Qd2 Rg7 42. Rxa3 Qb7 43. Rxa8+ Qxa8 44. d5 Qe8 45. e6 f6 46. Rxf6 Qb8+ 47.
d6 Qd8 48. e7 1-0

[Event "8eme Open International de La Fere"]
[Site "La Fere (FRA)"]
[Date "2009.07.10"]
[Round "8.3"]
[White "Gharamian, Tigran"]
[Black "Sandu, Mihaela"]
[Result "1-0"]
[WhiteElo "2615"]
[BlackElo "2312"]
[PlyCount "104"]
[EventDate "2009.??.??"]

1. d4 Nf6 2. c4 g6 3. Nc3 Bg7 4. e4 d6 5. f4 O-O 6. Nf3 c5 7. d5 Bg4 8. Be2 e6
9. O-O exd5 10. cxd5 Bxf3 11. Bxf3 Nbd7 12. Re1 Ne8 13. e5 dxe5 14. d6 Qb6 15.
Qd5 Nef6 16. Qxb7 Qxd6 17. Nb5 Qd3 18. Rd1 Qc2 19. Nc3 Rad8 20. Qxa7 Qf5 21.
Qc7 e4 22. Be2 Rb8 23. h3 h5 24. Qd6 Rb6 25. Qd2 Rb4 26. Qc2 Rfb8 27. a3 R4b7
28. a4 c4 29. Kh1 h4 30. Nb5 Qc5 31. Bxc4 Nh5 32. Ra3 Kh7 33. Be3 Ng3+ 34. Kh2
Qe7 35. Bd5 Rxb5 36. axb5 Rxb5 37. Rb3 Rb4 38. Rxb4 Qxb4 39. Bxf7 Nf6 40. Qb3
Qe7 41. Be6 Qc7 42. Bg4 Bh6 43. Rc1 Qd6 44. Qf7+ Bg7 45. Rc7 Ne8 46. Rc1 Nf6
47. Qb3 g5 48. Qe6 Nxg4+ 49. Qxg4 Bf6 50. Rd1 Qb8 51. Qe6 Qxb2 52. Qd7+ Kh8 1-0

[Event "8eme Open International de La Fere"]
[Site "La Fere (FRA)"]
[Date "2009.07.10"]
[Round "8.4"]
[White "Noiroux, Kevin"]
[Black "Malaniuk, Vladimir P"]
[Result "0-1"]
[WhiteElo "2145"]
[BlackElo "2563"]
[PlyCount "60"]
[EventDate "2009.??.??"]

1. d4 f5 2. Nh3 Nf6 3. g3 d6 4. d5 c6 5. Nc3 g6 6. Bg2 Bg7 7. Nf4 e5 8. dxe6
Na6 9. Be3 Nc7 10. O-O O-O 11. Qd2 Nxe6 12. Rad1 Nxf4 13. Bxf4 d5 14. b4 Be6
15. b5 Qe7 16. bxc6 bxc6 17. Bg5 Rfe8 18. Qd3 Bf7 19. Rfe1 Qc7 20. Nb1 Ng4 21.
Bf4 Qb6 22. e3 Ne5 23. Bxe5 Bxe5 24. Nd2 Rad8 25. Qb3 Qc5 26. Qa4 Bc3 27. Nb3
Qc4 28. Qxc4 dxc4 29. Nd4 Bxe1 30. Rxe1 Rxd4 0-1

[Event "8eme Open International de La Fere"]
[Site "La Fere (FRA)"]
[Date "2009.07.10"]
[Round "8.5"]
[White "Degraeve, Jean-Marc"]
[Black "Piankov, Evgenij"]
[Result "1/2-1/2"]
[WhiteElo "2559"]
[BlackElo "2356"]
[PlyCount "179"]
[EventDate "2009.??.??"]

1. e4 g6 2. d4 Bg7 3. c4 c5 4. d5 e5 5. Nc3 d6 6. Bd3 Nh6 7. f4 O-O 8. Nf3 f6
9. O-O exf4 10. Bxf4 Nf7 11. a3 Nd7 12. Rb1 Qe7 13. Qd2 Nde5 14. Rbe1 Bd7 15.
b4 b6 16. Nd1 Rfc8 17. Nxe5 Nxe5 18. Ne3 a6 19. Be2 Rc7 20. Rb1 b5 21. Rbc1
Rac8 22. cxb5 Bxb5 23. bxc5 Rxc5 24. Rxc5 Rxc5 25. Re1 Nf7 26. Nc2 f5 27. Bxb5
Bc3 28. exf5 Qxe1+ 29. Qxe1 Bxe1 30. Bd3 Bc3 31. fxg6 hxg6 32. Bxg6 Rxd5 33.
Kf2 Ne5 34. Bxe5 Bxe5 35. h4 Kg7 36. Be4 Rd1 37. g4 d5 38. Ke2 Rc1 39. Bd3 Rh1
40. Ne3 Rh2+ 41. Kf3 Rh3+ 42. Ke2 a5 43. a4 Rh2+ 44. Kf3 Ra2 45. Bb5 Ra3 46.
Ke2 Ra2+ 47. Kd3 Rh2 48. Nxd5 Rxh4 49. Bd7 Rh1 50. Kc4 Rb1 51. Bf5 Rb2 52. Kc5
Kh6 53. Bd7 Kg5 54. Bb5 Kxg4 55. Kb6 Kf5 56. Kxa5 Ke6 57. Ne3 Bc3+ 58. Ka6 Rh2
59. Nc4 Kd5 60. Kb6 Rh6+ 61. Kc7 Rh7+ 62. Kc8 Be1 63. Nb6+ Kc5 64. Nd7+ Kd6 65.
Kb7 Bf2 66. Kc8 Rh8+ 67. Kb7 Bd4 68. Nb8 Rh7+ 69. Nd7 Rh1 70. Nb8 Rg1 71. Kc8
Be3 72. Kb7 Rc1 73. Nc6 Kc5 74. Ne5 Rg1 75. Nd7+ Kd6 76. Nb8 Rg7+ 77. Nd7 Ke7
78. Ne5 Bf4 79. Nd7 Rg8 80. Nb6 Kd8 81. a5 Rg7+ 82. Bd7 Be3 83. a6 Bxb6 84.
Kxb6 Kxd7 85. a7 Rg8 86. Kb7 Rg1 87. a8=Q Rb1+ 88. Ka7 Ra1+ 89. Kb7 Rxa8 90.
Kxa8 1/2-1/2

[Event "8eme Open International de La Fere"]
[Site "La Fere (FRA)"]
[Date "2009.07.10"]
[Round "8.6"]
[White "Nanu, Ciprian-Costica"]
[Black "Mulder, Bart-Piet"]
[Result "1-0"]
[WhiteElo "2535"]
[BlackElo "2212"]
[PlyCount "71"]
[EventDate "2009.??.??"]

1. Nf3 Nf6 2. d4 d5 3. c4 dxc4 4. Nc3 a6 5. e4 b5 6. e5 Nd5 7. a4 Nxc3 8. bxc3
Qd5 9. Be2 Bb7 10. Ba3 e6 11. Bxf8 Kxf8 12. Qc1 h6 13. O-O g6 14. Ne1 Qd7 15.
axb5 Kg7 16. bxa6 Nxa6 17. Nc2 c5 18. Rd1 Qe7 19. Bxc4 cxd4 20. Nxd4 Rhc8 21.
Bf1 Nc5 22. Rb1 Ne4 23. c4 Ra2 24. Rb2 Rxb2 25. Qxb2 Ba8 26. Nb5 Qg5 27. Nd6
Rd8 28. Qb6 Rf8 29. Qd4 f5 30. f3 Nxd6 31. exd6+ Qf6 32. Qa7+ Kg8 33. d7 Rd8
34. Qc7 e5 35. Rd6 Qg5 36. Rxg6+ 1-0

[Event "8eme Open International de La Fere"]
[Site "La Fere (FRA)"]
[Date "2009.07.10"]
[Round "8.7"]
[White "Bannink, Bernard"]
[Black "Gozzoli, Yannick"]
[Result "1/2-1/2"]
[WhiteElo "2277"]
[BlackElo "2498"]
[PlyCount "101"]
[EventDate "2009.??.??"]

1. d4 d5 2. Nf3 Nf6 3. c4 dxc4 4. e3 g6 5. Bxc4 Bg7 6. O-O O-O 7. Nc3 Ne8 8. b3
c5 9. Bb2 Nd6 10. Be2 Nd7 11. Na4 b6 12. dxc5 Bxb2 13. Nxb2 Nxc5 14. Nc4 Nde4
15. Rc1 Bb7 16. Nfd2 Nd3 17. Bxd3 Qxd3 18. Nf3 Qxd1 19. Rfxd1 Rfd8 20. Nd4 Rac8
21. f3 Nc5 22. Nb2 Kf8 23. b4 Nd7 24. Rxc8 Rxc8 25. Nb3 Ne5 26. Rc1 Nc6 27. a3
Ke8 28. Nd4 Kd7 29. Nxc6 Bxc6 30. Kf2 e5 31. e4 f5 32. exf5 gxf5 33. g3 Re8 34.
Nc4 Bd5 35. Ne3 Be6 36. f4 e4 37. Nc4 Bxc4 38. Rxc4 h5 39. Ke3 Re6 40. a4 a6
41. Rc2 Rd6 42. Rc3 Rd1 43. a5 b5 44. Rc5 Ke6 45. Re5+ Kf6 46. Rc5 Rd3+ 47. Ke2
Rb3 48. Rc6+ Ke7 49. Rxa6 Rxb4 50. Rb6 Rb2+ 51. Ke3 1/2-1/2

[Event "8eme Open International de La Fere"]
[Site "La Fere (FRA)"]
[Date "2009.07.10"]
[Round "8.8"]
[White "Delorme, Laurie"]
[Black "Konguvel, Ponnuswamy"]
[Result "0-1"]
[WhiteElo "2152"]
[BlackElo "2419"]
[PlyCount "134"]
[EventDate "2009.??.??"]

1. d4 Nf6 2. c4 g6 3. Nf3 Bg7 4. Nc3 d5 5. Qb3 dxc4 6. Qxc4 O-O 7. e4 a6 8. e5
b5 9. Qb3 Nfd7 10. h4 c5 11. e6 c4 12. exf7+ Kxf7 13. Qd1 Nf6 14. Ne5+ Kg8 15.
a4 Bb7 16. axb5 axb5 17. Rxa8 Bxa8 18. Nxb5 Kh8 19. h5 gxh5 20. Bxc4 Bxg2 21.
Rxh5 Nxh5 22. Qxh5 Be4 23. Nf7+ Rxf7 24. Qxf7 Qf8 25. Qxf8+ Bxf8 26. Nc3 Bf3
27. Be2 Bb7 28. Na4 Bg7 29. Nc5 Bd5 30. Bd2 Nc6 31. b4 Nxd4 32. Bd1 Kg8 33. Nd3
Bc4 34. Nf4 Be5 35. Ng2 Kf7 36. Ne3 Bb5 37. Ng4 Bd6 38. Ne3 Nc6 39. Nd5 Bc4 40.
Ne3 Ba6 41. Bb3+ e6 42. Nc2 h5 43. f4 Kf6 44. Ba4 Ne7 45. Kf2 Ng6 46. Kg3 h4+
47. Kh3 Bc8 48. Bc6 e5+ 49. Kh2 exf4 50. Nd4 Ne5 51. Bf3 Nxf3+ 52. Nxf3 h3 53.
Bc3+ Kg6 54. Be1 Bg4 55. Nd4 Kf6 56. b5 Bc5 57. Bf2 Bb6 58. Kg1 Bd7 59. Kh2 Kg6
60. Kg1 Kh5 61. Kh2 Kg4 62. Kg1 Bc7 63. Kh2 Bb6 64. Nc6 Bxf2 65. Ne5+ Kh4 66.
Nxd7 Bg3+ 67. Kg1 f3 0-1

[Event "8eme Open International de La Fere"]
[Site "La Fere (FRA)"]
[Date "2009.07.10"]
[Round "8.9"]
[White "Wirig, Anthony"]
[Black "Videnova, Iva"]
[Result "1/2-1/2"]
[WhiteElo "2491"]
[BlackElo "2197"]
[PlyCount "116"]
[EventDate "2009.??.??"]

1. b4 c6 2. e3 Nf6 3. Nf3 a5 4. b5 d5 5. Bb2 g6 6. bxc6 bxc6 7. Bxf6 exf6 8. c4
dxc4 9. Bxc4 Bg7 10. Nc3 O-O 11. Rc1 Nd7 12. Be2 Qe7 13. O-O Nb6 14. Rb1 Nd5
15. Nxd5 cxd5 16. Qa4 Bf5 17. Rb2 Rfc8 18. Nd4 Bd7 19. Bb5 Rc4 20. Qd1 Rb4 21.
Rxb4 axb4 22. Bxd7 Qxd7 23. Qb3 Bf8 24. Rc1 Ra3 25. Qb1 Qa4 26. Rc2 f5 27. g3
h5 28. h4 Qa6 29. Nb3 Bd6 30. d4 Kh7 31. Kg2 Qa8 32. Rb2 Qa7 33. Qc2 Qa8 34.
Qe2 Ra6 35. Rc2 Rc6 36. Rxc6 Qxc6 37. Kf1 Kg7 38. Ke1 Qc3+ 39. Kd1 Qc6 40. Nc1
Qc4 41. Nd3 b3 42. axb3 Qxb3+ 43. Qc2 Qb5 44. Ke2 Be7 45. Kf3 Bd6 46. Kg2 Qe8
47. Qd2 Qb5 48. Qe1 Qc4 49. Nc1 Be7 50. Ne2 Bd6 51. Ng1 Be7 52. Qb1 f4 53. Qb7
Bf6 54. gxf4 Bxh4 55. Nf3 Qe2 56. Nxh4 Qg4+ 57. Kf1 Qd1+ 58. Kg2 Qg4+ 1/2-1/2

[Event "8eme Open International de La Fere"]
[Site "La Fere (FRA)"]
[Date "2009.07.10"]
[Round "8.10"]
[White "Genov, Petar"]
[Black "Nepveu, Manuel"]
[Result "1-0"]
[WhiteElo "2478"]
[BlackElo "2015"]
[PlyCount "77"]
[EventDate "2009.??.??"]

1. b3 e5 2. Bb2 Nc6 3. c4 Nf6 4. Nf3 d6 5. e3 Bg4 6. Be2 Qd7 7. O-O Be7 8. Nc3
O-O 9. d4 exd4 10. Nxd4 Nxd4 11. Qxd4 Bxe2 12. Nxe2 Qg4 13. Nf4 c6 14. Rad1
Rfe8 15. f3 Qg5 16. Rf2 Bf8 17. Qd2 Nh5 18. Nxh5 Qxh5 19. e4 Qc5 20. Bd4 Qh5
21. Qd3 b5 22. cxb5 cxb5 23. Be3 a5 24. Qd5 Qxd5 25. Rxd5 Re5 26. Rfd2 f6 27.
Bf4 Rxd5 28. Rxd5 Rb8 29. a4 bxa4 30. bxa4 Rb4 31. Rxa5 f5 32. Ra8 Rd4 33. Be3
Rd1+ 34. Kf2 fxe4 35. fxe4 Kf7 36. a5 Ra1 37. a6 Be7 38. a7 Ra2+ 39. Kf3 1-0

[Event "8eme Open International de La Fere"]
[Site "La Fere (FRA)"]
[Date "2009.07.10"]
[Round "8.11"]
[White "Tillet, Louis-Juan"]
[Black "Marzolo, Cyril"]
[Result "0-1"]
[WhiteElo "2190"]
[BlackElo "2443"]
[PlyCount "100"]
[EventDate "2009.??.??"]

1. e4 e6 2. d4 d5 3. Nc3 Bb4 4. e5 c5 5. Bd2 Ne7 6. a3 Bxc3 7. Bxc3 Nbc6 8. Nf3
b6 9. b4 a5 10. dxc5 bxc5 11. bxc5 Ba6 12. Bxa6 Rxa6 13. Bd4 Nxd4 14. Qxd4 O-O
15. O-O Rc6 16. c4 Nf5 17. Qd3 Rxc5 18. cxd5 Rxd5 19. Qe2 Qe7 20. Rfd1 Rc5 21.
Qb2 h6 22. Rac1 Rfc8 23. h3 Qc7 24. Rxc5 Qxc5 25. a4 Ne7 26. Rd7 Nc6 27. g3 Nb4
28. Rd6 Nd5 29. Kg2 Qc4 30. Qb7 Rc7 31. Rd7 Kh7 32. Qb1+ Qc2 33. Qxc2+ Rxc2 34.
Nd4 Rc4 35. Nb3 Rxa4 36. Ra7 Re4 37. Nxa5 Rxe5 38. h4 h5 39. Nc6 Re2 40. Kf1
Rb2 41. Ra3 Rc2 42. Nd4 Rc4 43. Ne2 Kg6 44. Ra2 f6 45. Rd2 Rc5 46. Nd4 e5 47.
Nc2 Ra5 48. Ne1 Ne7 49. Ng2 Ra1+ 50. Ne1 Nf5 0-1

[Event "8eme Open International de La Fere"]
[Site "La Fere (FRA)"]
[Date "2009.07.10"]
[Round "8.12"]
[White "Venkatesh, M.r"]
[Black "Genova, Lyubka"]
[Result "1-0"]
[WhiteElo "2426"]
[BlackElo "2209"]
[PlyCount "61"]
[EventDate "2009.??.??"]

1. e4 c5 2. Nf3 e6 3. b3 a6 4. Bb2 Nc6 5. c4 Qc7 6. g3 Nf6 7. e5 Ng4 8. Qe2 h5
9. Bg2 Be7 10. O-O b6 11. h3 Nh6 12. Nc3 Bb7 13. Nd5 exd5 14. cxd5 O-O-O 15.
dxc6 dxc6 16. Qc4 Rhe8 17. Rac1 Bf8 18. Rfe1 Qd7 19. Qf4 Nf5 20. Ng5 g6 21. Qc4
Qxd2 22. Nxf7 Qxb2 23. Nxd8 Kxd8 24. Red1+ Nd4 25. Rc2 Qa3 26. Qf7 Be7 27. Qxg6
Rf8 28. Bxc6 Kc7 29. Bxb7 Nxc2 30. Qc6+ Kb8 31. Ba8 1-0

[Event "8eme Open International de La Fere"]
[Site "La Fere (FRA)"]
[Date "2009.07.10"]
[Round "8.14"]
[White "Thomas, Olivier"]
[Black "Forthofer, Robert"]
[Result "1/2-1/2"]
[WhiteElo "2068"]
[BlackElo "2263"]
[PlyCount "65"]
[EventDate "2009.??.??"]

1. e4 Nc6 2. Nc3 Nf6 3. g3 d5 4. exd5 Nxd5 5. Bg2 Nxc3 6. bxc3 e5 7. d3 Bd6 8.
Ne2 O-O 9. O-O Bd7 10. f4 Qe7 11. Rb1 b6 12. c4 Rae8 13. Nc3 Nd4 14. Nd5 Qd8
15. c3 Nf5 16. Be4 c6 17. Nb4 Qc8 18. Qf3 Ne7 19. f5 f6 20. Be3 Bxb4 21. cxb4
Qc7 22. d4 exd4 23. Bxd4 Rd8 24. Rbd1 Bc8 25. Be3 Ba6 26. Bf4 Qc8 27. Bd6 Rfe8
28. Bxe7 Rxe7 29. Bxc6 Bxc4 30. Rxd8+ Qxd8 31. Rd1 Qc7 32. Bd5+ Bxd5 33. Qxd5+
1/2-1/2

[Event "8eme Open International de La Fere"]
[Site "La Fere (FRA)"]
[Date "2009.07.10"]
[Round "8.15"]
[White "Husson, Cybele"]
[Black "Demanghon, Jonathan"]
[Result "1-0"]
[WhiteElo "2037"]
[BlackElo "2211"]
[PlyCount "119"]
[EventDate "2009.??.??"]

1. e4 e6 2. Nf3 d5 3. e5 c5 4. b4 c4 5. c3 a5 6. b5 Nd7 7. d3 Qc7 8. Bf4 Ne7 9.
dxc4 Ng6 10. Bg3 Ndxe5 11. Nxe5 Nxe5 12. cxd5 Bd6 13. Be2 O-O 14. O-O Re8 15.
Bf3 Nxf3+ 16. Qxf3 Bxg3 17. Qxg3 Qxg3 18. fxg3 exd5 19. Nd2 Bg4 20. Rf4 Be2 21.
b6 Rac8 22. Rd4 Rxc3 23. Rxd5 Rd3 24. Rxd3 Bxd3 25. Nb3 Re2 26. Rd1 Bb5 27.
Nxa5 g6 28. Nxb7 Rxa2 29. Nd8 Rb2 30. Ra1 Bd3 31. Ra8 Be4 32. b7 Bxb7 33. Nxb7+
Kg7 34. Nd6 Rb6 35. Ne4 h5 36. Ra3 Rb4 37. Re3 Rb2 38. Kf1 Ra2 39. Re2 Ra1+ 40.
Kf2 Ra3 41. Nd2 Kf6 42. Nc4 Ra4 43. Ne3 Rd4 44. h3 Kg7 45. g4 hxg4 46. Nxg4 Rd7
47. Kf3 Ra7 48. Ne5 Ra3+ 49. Re3 Ra4 50. Rb3 Ra5 51. Nd3 Ra7 52. Kg4 Ra4+ 53.
Rb4 Ra2 54. g3 Ra3 55. Rd4 Ra7 56. h4 Rb7 57. Ne5 Ra7 58. Rd7 Ra4+ 59. Kh3 Kf6
60. Nxf7 1-0